[Event "Bloemfontein-ch op"]
[Site "Bloemfontein"]
[Date "2018.07.08"]
[Round "2"]
[White "Valashia, Itumeleng Houston"]
[Black "Mmoneng, Patrick L"]
[Result "0-1"]
[WhiteElo "1574"]
[BlackElo "1839"]
[PlyCount "90"]
[EventDate "2018.07.07"]
[EventType "swiss"]
[EventRounds "11"]
[EventCountry "RSA"]
[SourceTitle "EXT 2019"]
[Source "ChessBase"]
[SourceDate "2018.10.10"]
[SourceVersion "1"]
[SourceVersionDate "2018.10.10"]
[SourceQuality "1"]

1. d4 Nf6 2. Nf3 d5 3. e3 e6 4. Bd3 Bd6 5. b3 Nbd7 6. Bb2 0-0 7. Nbd2 Qe7 8. Ne5 Ba3 9. Bxa3 Qxa3 10. 0-0 Qb2 11. f4 c5 12. Ndf3 Qc3 13. Qe2 Ne4 14. Rad1 Ndf6 15. g4 Ne8 16. g5 f6 17. gxf6 Rxf6 18. Ng5 N8d6 19. dxc5 Qxc5 20. Bxe4 dxe4 21. Rxd6 Qxd6 22. Nxe4 Qe7 23. Nxf6+ gxf6 24. Nf3 Bd7 25. Kf2 Kh8 26. c4 Bc6 27. Nd4 Be4 28. Rg1 e5 29. Nf3 Rd8 30. Qb2 exf4 31. Re1 Rd3 32. b4 Bc6 33. e4 Re3 34. Rxe3 fxe3+ 35. Ke2 Bxe4 36. Nd4 Qe5 37. Kxe3 Bg6+ 38. Kf3 Be4+ 39. Ke3 Bd5+ 40. Kd3 Qe4+ 41. Kd2 Bxc4 42. Nc2 Qf4+ 43. Kc3 b5 44. Qb1 Qe5+ 45. Nd4 Qe3+ 0-1